| 000 | 00387cam a2200157 i 4500 | ||
|---|---|---|---|
| 020 | _a9780028243610 | ||
| 040 | _cDLC | ||
| 082 | _aPRE GLE 1995 C279 Or. | ||
| 100 | 1 | _aAtkinson, Judith, | |
| 245 | 1 | 0 |
_aPre-algebra : _bkeeping it simple / |
| 250 | _aFirst edition. | ||
| 300 |
_a416 pages : _billustrations ; _c29 cm |
||
| 650 | 0 | _aMathematics. | |
| 650 | 0 | _aAlgebra. | |
| 942 | _cAEDBB | ||
| 999 |
_c22232 _d22232 |
||